Ombudsman (Mohtasib) Punjab (Record no. 298517)
[ view plain ]
| 000 -LEADER | |
|---|---|
| fixed length control field | 00270 a2200109 4500 |
| 001 - CONTROL NUMBER | |
| control field | 63444 |
| 082 ## - DEWEY DECIMAL CLASSIFICATION NUMBER | |
| Classification number | 352.002 GOP |
| 090 ## - LOCALLY ASSIGNED LC-TYPE CALL NUMBER (OCLC); LOCAL CALL NUMBER (RLIN) | |
| -- | 37502 |
| -- | 37502 |
| 100 ## - MAIN ENTRY--PERSONAL NAME | |
| Personal name | Govt of Punjab |
| 245 ## - TITLE STATEMENT | |
| Title | Ombudsman (Mohtasib) Punjab |
| Medium | English |
| 260 ## - PUBLICATION, DISTRIBUTION, ETC. | |
| Place of publication, distribution, etc. | Lahore, Punjab |
| Name of publisher, distributor, etc. | Govt of Junjab |
| 942 ## - ADDED ENTRY ELEMENTS (KOHA) | |
| Institution code [OBSOLETE] | CAE NUST |
| Call number prefix | 352.002 GOP |
| Withdrawn status | Lost status | Damaged status | Not for loan | Collection code | Permanent Location | Current Location | Date acquired | Total Checkouts | Full call number | Barcode | Date last seen | Price effective from | Koha item type |
|---|---|---|---|---|---|---|---|---|---|---|---|---|---|
| College of Aeronautical Engineering (CAE) | College of Aeronautical Engineering (CAE) | 04/03/2017 | 352.002 GOP | CAEG-5445 | 04/05/2017 | 04/05/2017 | Book |
